| 000 | 00810nam a2200229 a 4500 | ||
|---|---|---|---|
| 001 | 000014123 | ||
| 005 | 20240412074240.0 | ||
| 008 | 091204s1957 ag 000 p spa d | ||
| 040 |
_aDO-SdBNP _bspa _cBNPHU |
||
| 082 |
_aRD861.4408 _bC117a |
||
| 100 | 1 |
_aCabral, Manuel del, _d1907-1999 _923556 |
|
| 245 | 1 | 0 |
_aAntología clave : _b1930-1956 / _cManuel del Cabral. |
| 260 |
_aBuenos Aires, Argentina : _bLosada, _c1957. |
||
| 300 |
_a262 p. ; _c19 cm. |
||
| 490 | 1 |
_aBiblioteca contemporánea _v273 |
|
| 500 | _aIncluye datos biográficos del autor en la solapa de la cubierta. | ||
| 590 | _aInventariado, 2019/MFF | ||
| 650 | 4 |
_aPoesía dominicana _xColecciones _9351 |
|
| 650 | 0 |
_aLiteratura dominicana. _967 |
|
| 830 | 0 |
_aBiblioteca contemporánea _v273 _914729 |
|
| 910 | _aValidado. Control de calidad MFF | ||
| 999 |
_c13725 _d13725 |
||